Estudiar las prácticas. Perspectivas sobre actividad y contexto.

Gorde:
Xehetasun bibliografikoak
Egile nagusia: Chaiklin, Seth (compilador)
Beste egile batzuk: Lave, Jean (compilador)
Formatua: Liburua
Argitaratua: Buenos Aires, Argentina: Amorrortu editores, 2001.
Saila:Colección Agenda Educativa.
Gaiak:
Etiketak: Etiketa erantsi
Etiketarik gabe, Izan zaitez lehena erregistro honi etiketa jartzen!

MARC

LEADER 00000nam a22000007a 4500
003 CL-VaPUC
005 20220831151211.0
008 220629b2001 ||||| |||| 00| 0 eng d
999 |c 436475  |d 436473 
020 |a 950-518-820-X 
040 |c Pontificia Universidad Católica de Valparaíso 
082 0 4 |2 22  |a 370.1523 CHA 2001  
100 1 |a Chaiklin, Seth  |e compilador  |9 871663 
245 1 0 |a Estudiar las prácticas.   |b Perspectivas sobre actividad y contexto. 
260 |a Buenos Aires, Argentina:  |b Amorrortu editores,   |c 2001. 
300 |a 427 páginas. 
490 0 |a Colección Agenda Educativa. 
500 |a c.1. Donación Profesora Elizabeth Donoso. Memo 15/2022. 16-05-2022. 
583 |c 20220629  |k Catalogador Asistente 
650 1 |a Psicología del aprendizaje  |9 306854 
650 1 |a Teoría del aprendizaje  |9 448897 
650 1 |a Entrenamiento ocupacional  |9 540346  |x Aprendizaje 
700 |a Lave, Jean  |9 488692  |e compilador 
942 |2 ddc  |c BK 
952 |0 0  |1 0  |2 ddc  |4 0  |6 370_152300000000000_CHA_2001  |7 0  |8 A  |9 584136  |a BIBEDU  |b BIBEDU  |c GEN  |d 2022-06-29  |e Donación  |i 5652315  |o 370.1523 CHA 2001  |p 5652315  |r 2022-06-29  |t 1  |w 2022-06-29  |y BK  |k EBA